BVB-Fanclubs - Statistiken

Allgemein
  • Dieses Quiz wurde 29 mal gespielt
    9 seit der letzten Aktualisierung
  • Das Durchschnittsergebnis liegt bei 13 aus 23
Antwortstatistiken
Bildquiz Antwort % Korrekt
Desperados Dortmund 1999
100%
Blackstars Werl
83%
BVB Supporters Münster
83%
Companeros Dortmund
83%
Low Side Dortmund
83%
The Unity 2001
83%
Amando Dortmund
67%
BVB Supporters Lennetal
67%
Otra-Vez Dortmund
67%
Bierstadt Supporters 2001
50%
BVB Fanclub 11 Freunde
50%
Dortmund Eagles
50%
Magic Goalgetter
50%
SGRB 06
50%
Totale Offensive BVB
50%
Ungebrochene Treue
50%
Westfalen Union
50%
Bigge-Borussen
33%
Borussenstern 1996
33%
Fraktion 44
33%
Hensons Dortmund
33%
Sconvolts Dortmund
33%
Wolfpack Dortmund
33%
Keine übereinstimmenden Quizze gefunden
Verteilung der Resultate
Anzahl Personen mit jedem Resultat
Perzentil nach korrekt beantworteten Fragen
Ihre Resultats-Entwicklung
Sie haben dieses Quiz seit der letzten Aktualisierung nicht gespielt